Comparison of suprefact dose in small scales semi-artificial breeding of silver carp in tramkaok district takeo province, ប្រៀបទៀបបរិមាណអ័រម៉ូនស៊ុបព្រេហ្វិកទៅលើការបង្កាត់ត្រីកាបសពាក់កណ្ដាលសិប្បនិម្មិតជាលក្ខណៈគ្រួសារនៅស្រុកត្រាំកក់ ខេត្តតាកែវ (Record no. 3997)
[ view plain ]
| 000 -LEADER | |
|---|---|
| fixed length control field | 00837nam a22001577a 4500 |
| 003 - CONTROL NUMBER IDENTIFIER | |
| control field | OSt |
| 005 - DATE AND TIME OF LATEST TRANSACTION | |
| control field | 20151204143100.0 |
| 008 - FIXED-LENGTH DATA ELEMENTS--GENERAL INFORMATION | |
| fixed length control field | 151204b xxu||||| |||| 00| 0 eng d |
| 040 ## - CATALOGING SOURCE | |
| Transcribing agency | RUA |
| 082 ## - DEWEY DECIMAL CLASSIFICATION NUMBER | |
| Classification number | FIS HIM 2003 B186 Or.1 |
| 100 ## - MAIN ENTRY--PERSONAL NAME | |
| 9 (RLIN) | 4282 |
| Personal name | HIM, BUNTHAY. |
| 245 ## - TITLE STATEMENT | |
| Title | Comparison of suprefact dose in small scales semi-artificial breeding of silver carp in tramkaok district takeo province, ប្រៀបទៀបបរិមាណអ័រម៉ូនស៊ុបព្រេហ្វិកទៅលើការបង្កាត់ត្រីកាបសពាក់កណ្ដាលសិប្បនិម្មិតជាលក្ខណៈគ្រួសារនៅស្រុកត្រាំកក់ ខេត្តតាកែវ |
| 260 ## - PUBLICATION, DISTRIBUTION, ETC. (IMPRINT) | |
| Place of publication, distribution, etc. | Phnom Penh |
| Name of publisher, distributor, etc. | RUA |
| Date of publication, distribution, etc. | 2003 |
| 300 ## - PHYSICAL DESCRIPTION | |
| Extent | 34p. |
| Other physical details | ill. |
| Dimensions | 29cm. |
| 942 ## - ADDED ENTRY ELEMENTS (KOHA) | |
| Source of classification or shelving scheme | |
| Koha item type | FIS |
| Price effective from | Date last seen | Permanent Location | Not for loan | Date acquired | Source of classification or shelving scheme | Koha item type | Lost status | Withdrawn status | Date last checked out | Total Checkouts | Shelving location | Damaged status | Barcode | Current Location | Full call number |
|---|---|---|---|---|---|---|---|---|---|---|---|---|---|---|---|
| 2015-12-04 | 2015-12-04 | Library Block B | 2015-12-04 | FIS | B186 | RUA036971 | Library Block B | FIS HIM 2003 B186 Or.1 | |||||||
| 2015-12-04 | 2016-06-21 | Library Block B | 2015-12-04 | FIS | 2016-06-07 | 1 | B186 | RUA035258 | Library Block B | FIS HIM 2003 B186 Or.2 | |||||
| 2015-12-04 | 2016-08-03 | Library Block B | 2015-12-04 | FIS | 2016-07-19 | 1 | B186 | RUA037094 | Library Block B | FIS HIM 2003 B186 Or.3 | |||||
| 2015-12-04 | 2018-12-11 | Library Block B | 2015-12-04 | FIS | 2018-11-30 | 2 | B186 | RUA036694 | Library Block B | FIS HIM 2003 B186 Or.4 | |||||
| 2015-12-04 | 2015-12-04 | Library Block B | 2015-12-04 | FIS | B186 | RUA025735 | Library Block B | FIS HIM 2003 B186 Or.5 |